书目信息 |
| 题名: |
食品防腐剂的应用
|
|
| 作者: | 容吉耶图 著 ;王启尧 译 | |
| 分册: | ||
| 出版信息: | 北京 中国食品出版社 1987 |
|
| 页数: | 221页 | |
| 开本: | 19cm | |
| 丛书名: | ||
| 单 册: | ||
| 中图分类: | TS202.9 | |
| 科图分类: | ||
| 主题词: | 食品添加剂-防腐剂--应用 , 防腐剂-食品添加剂--应用 | |
| 电子资源: | ||
| ISBN: | 7-80044-003-6 | |
| 000 | 00783nam0 2200265 450 | |
| 001 | 0187014406 | |
| 005 | 20100712222127.0 | |
| 010 | @a7-80044-003-6@dCNY1.50 | |
| 011 | @a7-80044-003-6 | |
| 091 | @a15392.054 | |
| 100 | @a19960128d1987 em y0chiy0110 ea | |
| 101 | 1 | @achi@crus |
| 102 | @aCN@b110000 | |
| 105 | @ay z 000yy | |
| 106 | @ar | |
| 200 | 1 | @a食品防腐剂的应用@9Shi;Si Pin Fang Fu Ji De;Di Ying Yong @f(苏)Г.И.容吉耶图著@g王启尧译 |
| 210 | @a北京@c中国食品出版社@d1987 | |
| 215 | @a221页@d19cm | |
| 606 | 0 | @a食品添加剂-防腐剂@x应用 |
| 606 | 0 | @a防腐剂-食品添加剂@x应用 |
| 690 | @aTS202.9@v3 | |
| 701 | 1 | @a容吉耶图@9rong ji ye tu@4著@bГ.И |
| 702 | 0 | @a王启尧@9wang qi yao@4译 |
| 801 | 0 | @aCN@b91MARC@c20130904 |
| 905 | @aBZT@dTS202.9@e4@f4@sTS202.9/4 | |
| 食品防腐剂的应用/(苏)Г.И.容吉耶图著/王启尧译.-北京:中国食品出版社,1987 |
| 221页;19cm |
| ISBN 7-80044-003-6:CNY1.50 |
| ● |
| 相关链接 |
|
|
|
正题名:食品防腐剂的应用
索取号:TS202.9/4
 
预约/预借
| 序号 | 登录号 | 条形码 | 馆藏地/架位号 | 状态 | 备注 |
| 1 | 2000078058 | 2000078058 | 旧书回溯/ [索取号:TS202.9/4] | 在馆 | |
| 2 | 2000144219 | 2000144219 | 旧书回溯/ [索取号:TS202.9/4] | 在馆 | |
| 3 | 2000144220 | 2000144220 | 旧书回溯/ [索取号:TS202.9/4] | 在馆 | |
| 4 | 2000144221 | 2000144221 | 旧书回溯/ [索取号:TS202.9/4] | 在馆 |